000 00610nam a2200193Ia 4500
003 IN-BaIIA
008 211028s9999 xx 000 0 eng d
040 _cIIA Library
080 _a535.853
_bJEN
100 _aJenkins, Gwilym M
_97568
245 0 _aSpectral analysis and its applications
_cGwilym M. Jenkins and Donald. G. Watts
260 _aSan Francisco
_bHolden-Day
_c1968
300 _axviii, 525p.
490 _aHolden-Day series in time series analysis
650 _aAstronomy and astrophysics thesaurus
650 _aSpectroscopic analysis
_91737
700 _aWatts, Donald G.
_97569
942 _cBK
999 _c4307
_d4307